Follow me II : (Record no. 185124)
[ view plain ]
| 000 -LEADER | |
|---|---|
| fixed length control field | 00877 a2200241 4500 |
| 003 - CONTROL NUMBER IDENTIFIER | |
| control field | Nust |
| 005 - DATE AND TIME OF LATEST TRANSACTION | |
| control field | 20230316114859.0 |
| 010 ## - LIBRARY OF CONGRESS CONTROL NUMBER | |
| LC control number | 92016711 |
| 020 ## - INTERNATIONAL STANDARD BOOK NUMBER | |
| International Standard Book Number | 089141472X : |
| 040 ## - CATALOGING SOURCE | |
| Transcribing agency | Nust |
| 082 00 - DEWEY DECIMAL CLASSIFICATION NUMBER | |
| Classification number | 355.009, NEW |
| 100 1# - MAIN ENTRY--PERSONAL NAME | |
| Personal name | Newman, Aubrey S., |
| 9 (RLIN) | 12639 |
| 245 10 - TITLE STATEMENT | |
| Title | Follow me II : |
| Remainder of title | more on the human element in leadership / |
| Statement of responsibility, etc. | Aubrey S. "Red" Newman. |
| 260 ## - PUBLICATION, DISTRIBUTION, ETC. | |
| Place of publication, distribution, etc. | Navato, CA : |
| Name of publisher, distributor, etc. | Presidio, |
| Date of publication, distribution, etc. | c1992. |
| 300 ## - PHYSICAL DESCRIPTION | |
| Extent | xii, 267 p. : |
| Other physical details | ill. ; |
| Dimensions | 23 cm. |
| 505 ## - FORMATTED CONTENTS NOTE | |
| Formatted contents note | Part 1:- Primarily Company-Level Topics (Page-3), Part 2:- Principles for all Levels of Command (Page-91), Part 3:- Reflections on Combat Situations (Page-185). |
| 600 10 - SUBJECT ADDED ENTRY--PERSONAL NAME | |
| Personal name | Newman, Aubrey S., |
| Dates associated with a name | 1903-1994. |
| 9 (RLIN) | 110389 |
| 610 10 - SUBJECT ADDED ENTRY--CORPORATE NAME | |
| Corporate name or jurisdiction name as entry element | United States. |
| Subordinate unit | Army |
| General subdivision | Management. |
| 9 (RLIN) | 110390 |
| 610 10 - SUBJECT ADDED ENTRY--CORPORATE NAME | |
| Corporate name or jurisdiction name as entry element | United States. |
| Subordinate unit | Army |
| General subdivision | Military life. |
| 9 (RLIN) | 110391 |
| 650 #0 - SUBJECT ADDED ENTRY--TOPICAL TERM | |
| Topical term or geographic name entry element | Leadership. |
| 740 0# - ADDED ENTRY--UNCONTROLLED RELATED/ANALYTICAL TITLE | |
| Uncontrolled related/analytical title | Follow me 2. |
| 942 ## - ADDED ENTRY ELEMENTS (KOHA) | |
| Source of classification or shelving scheme | |
| Koha item type | Book |
| Withdrawn status | Lost status | Source of classification or shelving scheme | Damaged status | Not for loan | Permanent Location | Current Location | Shelving location | Date acquired | Full call number | Barcode | Date last seen | Price effective from | Koha item type | Public note | Total Checkouts | Date last checked out |
|---|---|---|---|---|---|---|---|---|---|---|---|---|---|---|---|---|
| Military College of Signals (MCS) | Military College of Signals (MCS) | General Stacks | 12/12/2016 | 355.009,NEW | MCS2040 | 12/08/2016 | 12/12/2016 | Book | Almirha No 51, Shelf No 3 | |||||||
| Military College of Signals (MCS) | Military College of Signals (MCS) | General Stacks | 12/12/2016 | 355.009, NEW | MCS36475 | 02/14/2025 | 12/12/2016 | Book | Almirha No 51, Shelf No 3 | 1 | 11/29/2024 |
